[Event "II Open A"]
[Site "Livigno ITA"]
[Date "2011.09.15"]
[Round "5"]
[White "Suvrajit, Saha"]
[Black "Michalik, Peter"]
[WhiteElo "2384"]
[BlackElo "2511"]
[Result "0-1"]
[PlyCount "110"]
[EventDate "2011.09.12"]

1. d4 g6 2. Nf3 Bg7 3. c4 d6 4. e4 Bg4 5. Be2 Nc6 6. Be3 e5 7. d5 Bxf3 8. Bxf3
Nd4 9. h4 h5 10. Nc3 c5 11. Qa4+ Kf8 12. Bd1 a6 13. b4 b5 14. Qa5 Qxa5 15. bxa5
Nf6 16. f3 Bh6 17. Bxh6+ Rxh6 18. Rb1 b4 19. Ne2 Rh8 20. Ba4 Kg7 21. Kd2 Rab8
22. Rb2 Kh6 23. Nxd4 exd4 24. Re1 Rhg8 25. e5 dxe5 26. Rxe5 g5 27. Rf5 Ne8 28.
Rxf7 gxh4 29. Kd3 Nd6 30. Rf6+ Rg6 31. Rxg6+ Kxg6 32. Re2 Rf8 33. Re6+ Rf6 34.
Be8+ Kf5 35. Re7 Kg5 36. Re5+ Kf4 37. Re7 Kg3 38. Rg7+ Kf2 39. Bxh5 Nf5 40. Rc7
Kxg2 41. Bg4 Ne3 42. Rg7 Kf2 43. Rh7 Nxg4 44. fxg4 Kg3 45. g5 Rg6 46. Rh6 Rg8
47. d6 h3 48. g6 h2 49. Rh5 Rxg6 50. d7 Rd6 51. Rg5+ Kf3 52. Rh5 Rxd7 53. Rxh2
Re7 54. Rh5 Re3+ 55. Kc2 Rc3+ 0-1

[Event "II Open A"]
[Site "Livigno ITA"]
[Date "2011.09.15"]
[Round "5"]
[White "Hunt, Adam C."]
[Black "Fedorchuk, Sergey A."]
[WhiteElo "2437"]
[BlackElo "2635"]
[Result "1-0"]
[PlyCount "81"]
[EventDate "2011.09.12"]

1. e4 c5 2. Nf3 e6 3. d4 cxd4 4. Nxd4 Nf6 5. Nc3 d6 6. Be3 Be7 7. Be2 a6 8. Qd2
Qc7 9. a3 b5 10. O-O-O O-O 11. f3 Bb7 12. g4 Nc6 13. g5 Nd7 14. h4 b4 15. axb4
Nxb4 16. h5 Rfc8 17. Kb1 Rab8 18. Nb3 Bc6 19. g6 hxg6 20. hxg6 fxg6 21. Bd4 Nf6
22. Qg5 Be8 23. e5 Nfd5 24. Qg4 Qd7 25. Qh3 Kf7 26. exd6 Bf6 27. Bxf6 Nxf6 28.
Ne4 Nxc2 29. Ng5+ Kf8 30. Nxe6+ Kf7 31. Nbc5 Rxc5 32. Nxc5 Qxh3 33. Rxh3 Ne3
34. Rd4 Bb5 35. Nxa6 Bxa6 36. Bxa6 g5 37. d7 Rd8 38. Bb5 Nf5 39. Rd3 Ke7 40.
Rh2 Rb8 41. Re2+ 1-0

[Event "II Open A"]
[Site "Livigno ITA"]
[Date "2011.09.15"]
[Round "5"]
[White "Solodovnichenko, Yuri"]
[Black "Brunello, Sabino"]
[WhiteElo "2622"]
[BlackElo "2569"]
[Result "1/2-1/2"]
[PlyCount "132"]
[EventDate "2011.09.12"]

1. e4 c6 2. d4 d5 3. exd5 cxd5 4. c4 Nf6 5. Nc3 e6 6. Nf3 Bb4 7. cxd5 Nxd5 8.
Qc2 Nc6 9. a3 Bd6 10. Bd3 h6 11. O-O O-O 12. Bc4 Nce7 13. Ba2 Bd7 14. Bb1 Nf6
15. Ne4 Nf5 16. Nxd6 Nxd6 17. Ne5 Rc8 18. Qb3 Bc6 19. Nxc6 Rxc6 20. Bf4 Rb6 21.
Qd3 Nf5 22. Be5 Ng4 23. b4 f6 24. h3 Nxe5 25. dxe5 Qxd3 26. Bxd3 fxe5 27. Rfe1
Rd6 28. Bf1 Rd2 29. Rad1 Rxd1 30. Rxd1 Nd4 31. Rc1 b6 32. Ba6 g5 33. Re1 Kf7
34. Rxe5 Kf6 35. Re3 b5 36. Kf1 Rb8 37. Rc3 Rb6 38. Bc8 Ke7 39. Rc7+ Kd6 40.
Rd7+ Ke5 41. g3 Rc6 42. Bb7 Rc1+ 43. Kg2 Nc2 44. Ba8 Nxa3 45. Rxa7 Nc2 46. Rb7
Nxb4 47. Rxb5+ Nd5 48. Rb8 Nf6 49. Bf3 Rc7 50. Be2 Rf7 51. Bd3 Ne4 52. Rb2 Nc3
53. Bg6 Rf6 54. Bh5 Nd5 55. Ra2 Nc3 56. Ra3 Ne4 57. Bf3 Nc5 58. Re3+ Kd4 59.
Bg4 e5 60. Rf3 Rxf3 61. Kxf3 e4+ 62. Ke2 Na4 63. Bh5 Nc3+ 64. Kd2 Nd5 65. Ke2
Nc3+ 66. Kd2 Nd5 1/2-1/2

[Event "II Open A"]
[Site "Livigno ITA"]
[Date "2011.09.15"]
[Round "5"]
[White "Mareco, Sandro"]
[Black "Mirzoev, Azer"]
[WhiteElo "2597"]
[BlackElo "2468"]
[Result "1/2-1/2"]
[PlyCount "105"]
[EventDate "2011.09.12"]

1. d4 d5 2. c4 dxc4 3. e3 e5 4. Bxc4 exd4 5. exd4 Nf6 6. Nf3 Bd6 7. O-O O-O 8.
Nc3 Nc6 9. h3 h6 10. Qc2 Na5 11. Bd3 Be6 12. Re1 Re8 13. Bd2 Nc6 14. a3 a6 15.
Rad1 Ne7 16. Bc1 Ned5 17. Ne5 Ne7 18. Nf3 Ned5 19. Ne5 c6 20. Na4 Qc7 21. f4
Nb6 22. Nc5 Bd5 23. Bd2 Nbd7 24. Na4 Nf8 25. Be3 Rad8 26. Nc3 Be6 27. Bf2 c5
28. Ne4 cxd4 29. Nxd6 Qxd6 30. Bf1 Rc8 31. Qa4 Qb6 32. Qxd4 Qxd4 33. Rxd4 Rc2
34. Re2 Rxe2 35. Bxe2 Bd5 36. g3 Ne6 37. Rd1 Be4 38. Nc4 Rc8 39. Be3 Bd5 40.
Rc1 Ne4 41. Kh2 b5 42. Nb6 Rxc1 43. Bxc1 Nd4 44. Bxb5 Nf3+ 45. Kg2 Ne1+ 46. Kf1
axb5 47. Kxe1 Bc6 48. g4 Kf8 49. Be3 g6 50. Kd1 h5 51. gxh5 gxh5 52. h4 Ke7 53.
Ke2 1/2-1/2

[Event "II Open A"]
[Site "Livigno ITA"]
[Date "2011.09.15"]
[Round "5"]
[White "Olszewski, Michal"]
[Black "Pacher, Milan"]
[WhiteElo "2534"]
[BlackElo "2403"]
[Result "1-0"]
[PlyCount "53"]
[EventDate "2011.09.12"]

1. d4 Nf6 2. c4 g6 3. Nc3 d5 4. Bg5 Bg7 5. Bxf6 Bxf6 6. cxd5 c6 7. dxc6 Nxc6 8.
e3 O-O 9. Qd2 Bg7 10. Nf3 a6 11. Rc1 Qd6 12. Ng5 f5 13. Bc4+ e6 14. f4 b5 15.
Bb3 h6 16. Bxe6+ Bxe6 17. Nxe6 Qxe6 18. d5 Qf6 19. dxc6 Qxc6 20. Nd5 Qd6 21.
Rc6 Qd8 22. Rxg6 Ra7 23. O-O Rd7 24. Rd1 Qa8 25. e4 fxe4 26. Qd4 Rxf4 27. Rxg7+
1-0

[Event "II Open A"]
[Site "Livigno ITA"]
[Date "2011.09.15"]
[Round "5"]
[White "Lazic, Miroljub"]
[Black "Maiorov, Nikita"]
[WhiteElo "2463"]
[BlackElo "2558"]
[Result "1/2-1/2"]
[PlyCount "20"]
[EventDate "2011.09.12"]

1. e4 e5 2. Nf3 Nc6 3. Bc4 Bc5 4. c3 Nf6 5. d3 a6 6. Bb3 d6 7. O-O O-O 8. Nbd2
Ba7 9. h3 h6 10. Re1 Re8 1/2-1/2

[Event "II Open A"]
[Site "Livigno ITA"]
[Date "2011.09.15"]
[Round "5"]
[White "Palit, Somak"]
[Black "Svetushkin, Dmitry"]
[WhiteElo "2363"]
[BlackElo "2594"]
[Result "0-1"]
[PlyCount "78"]
[EventDate "2011.09.12"]

1. e4 e5 2. Nf3 Nc6 3. Nc3 Nf6 4. Bb5 Bd6 5. O-O O-O 6. a3 Re8 7. Bc4 h6 8. d3
Bc5 9. h3 d6 10. Be3 Bb6 11. Qd2 Be6 12. Bxe6 Rxe6 13. Nd5 Ne7 14. c4 Ng6 15.
g3 Qd7 16. b4 Nxd5 17. cxd5 Re7 18. g4 c6 19. dxc6 bxc6 20. Rac1 h5 21. Nh2
hxg4 22. hxg4 d5 23. Qc2 Re6 24. Kg2 Rd6 25. exd5 cxd5 26. a4 Rb8 27. b5 Re8
28. Rfe1 Ba5 29. Bd2 Nf4+ 30. Kh1 Bxd2 31. Qxd2 Rh6 32. f3 Ree6 33. d4 Qd8 34.
Rc6 Rxc6 35. bxc6 Rxc6 36. Rxe5 Ne6 37. f4 Qc7 38. f5 Rc1+ 39. Re1 Rc2 0-1

[Event "II Open A"]
[Site "Livigno ITA"]
[Date "2011.09.15"]
[Round "5"]
[White "Janev, Evgeni"]
[Black "Mazur, Stefan"]
[WhiteElo "2511"]
[BlackElo "2372"]
[Result "1-0"]
[PlyCount "72"]
[EventDate "2011.09.12"]

1. e4 e5 2. Nf3 Nc6 3. Bb5 a6 4. Bxc6 dxc6 5. Nc3 f6 6. d4 exd4 7. Nxd4 c5 8.
Nde2 Qxd1+ 9. Nxd1 Be6 10. Bf4 O-O-O 11. Ne3 Ne7 12. h4 Nc6 13. Bg3 g5 14. Nc3
Bg7 15. Rd1 Nd4 16. Ncd5 Bxd5 17. exd5 Rhe8 18. Kf1 gxh4 19. Bxh4 Rd7 20. c3
Nb5 21. Bg3 Bf8 22. Rh5 Bd6 23. Bh4 Bf4 24. Ng4 Rf8 25. Nxf6 Rdf7 26. Nxh7 Rh8
27. Nf6 Rhf8 28. g3 Rxf6 29. Bxf6 Rxf6 30. gxf4 Rxf4 31. Rh8+ Kd7 32. Re1 Rf7
33. Re4 Nd6 34. Reh4 c6 35. dxc6+ Kxc6 36. R4h6 Kd5 1-0

[Event "II Open A"]
[Site "Livigno ITA"]
[Date "2011.09.15"]
[Round "5"]
[White "Petkov, Vladimir"]
[Black "Marholev, Dimitar"]
[WhiteElo "2511"]
[BlackElo "2355"]
[Result "1-0"]
[PlyCount "49"]
[EventDate "2011.09.12"]

1. d4 f5 2. g3 Nf6 3. Bg2 e6 4. c4 d5 5. Nh3 c6 6. O-O Bd6 7. Bf4 O-O 8. Nd2 h6
9. Qc2 g5 10. Bxd6 Qxd6 11. Rad1 b5 12. b3 Bd7 13. f3 Na6 14. Nf2 Nb4 15. Qc3
bxc4 16. bxc4 Rfb8 17. e4 Ne8 18. a3 Na6 19. Nd3 Nec7 20. Ne5 Be8 21. exf5 exf5
22. Qd3 Qf8 23. f4 g4 24. Rfe1 h5 25. Nf1 1-0

[Event "II Open A"]
[Site "Livigno ITA"]
[Date "2011.09.15"]
[Round "5"]
[White "Scalcione, Michelangelo"]
[Black "Cebalo, Miso"]
[WhiteElo "2337"]
[BlackElo "2478"]
[Result "1/2-1/2"]
[PlyCount "62"]
[EventDate "2011.09.12"]

1. Nf3 c5 2. b3 d5 3. e3 a6 4. Ba3 e6 5. d4 b6 6. Bd3 Nf6 7. O-O Nbd7 8. Ne5
Nxe5 9. dxe5 Nd7 10. f4 g6 11. c4 Bb7 12. cxd5 Bxd5 13. Nc3 Bc6 14. Be4 Qc7 15.
Qf3 Rc8 16. Bb2 Be7 17. Bxc6 Qxc6 18. Ne4 O-O 19. Rad1 Nb8 20. Rd6 Qb5 21. Qh3
Qe2 22. Rxe6 fxe6 23. Qxe6+ Kh8 24. Qxe7 Nc6 25. Qb7 Qxe3+ 26. Kh1 Qe2 27. Rg1
Na5 28. Qd7 Rfd8 29. Qf7 Rf8 30. Qd7 Rfd8 31. Qf7 Rf8 1/2-1/2

[Event "II Open A"]
[Site "Livigno ITA"]
[Date "2011.09.15"]
[Round "5"]
[White "Sveshnikov, Vladimir"]
[Black "Narayanan, Srinath"]
[WhiteElo "2412"]
[BlackElo "2336"]
[Result "0-1"]
[PlyCount "82"]
[EventDate "2011.09.12"]

1. e4 e5 2. Nf3 Nc6 3. Bc4 Nf6 4. d4 exd4 5. e5 d5 6. Bb5 Ne4 7. Nxd4 Bd7 8.
Bxc6 bxc6 9. O-O Bc5 10. f3 Ng5 11. f4 Ne4 12. Be3 Qb8 13. b3 Qb6 14. Qd3 Bc8
15. c4 O-O 16. Nc3 Nxc3 17. Qxc3 dxc4 18. bxc4 Rd8 19. Rfd1 Bg4 20. Rab1 Bxd1
21. Rxb6 axb6 22. Nxc6 Ra3 23. Qxa3 Bxa3 24. Nxd8 Be2 25. c5 bxc5 26. Nb7 c4
27. Bc5 Bb2 28. a4 c3 29. Bd4 Ba1 30. Be3 c2 31. Bc1 Bd4+ 32. Kh1 Bc4 33. a5
Kf8 34. a6 Ke7 35. Na5 Bd5 36. h3 Kd7 37. Kh2 Bb6 38. Nb7 Bc4 39. f5 Bxa6 40.
e6+ fxe6 41. fxe6+ Ke8 0-1

[Event "II Open A"]
[Site "Livigno ITA"]
[Date "2011.09.15"]
[Round "5"]
[White "Kilpatrick, Callum"]
[Black "Schwartz, Ylon"]
[WhiteElo "2256"]
[BlackElo "2252"]
[Result "1-0"]
[PlyCount "61"]
[EventDate "2011.09.12"]

1. e4 Nf6 2. e5 Nd5 3. d4 d6 4. Nf3 Bg4 5. Be2 e6 6. O-O Be7 7. c4 Nb6 8. h3
Bh5 9. Be3 O-O 10. Nbd2 Nc6 11. Qb3 dxe5 12. dxe5 Nxe5 13. g4 Nxf3+ 14. Bxf3
Bg6 15. Rfd1 Qc8 16. a4 c6 17. Ne4 Nd7 18. Nd6 Bxd6 19. Rxd6 e5 20. Rad1 Nf6
21. Bg5 Ne4 22. Rxg6 hxg6 23. Bxe4 f6 24. c5+ Kh7 25. Bd2 f5 26. Bc2 fxg4 27.
Qg3 Rf3 28. Qh4+ Kg8 29. hxg4 Qe6 30. Be3 Raf8 31. Rd6 1-0

[Event "II Open A"]
[Site "Livigno ITA"]
[Date "2011.09.15"]
[Round "5"]
[White "Xia, Jie"]
[Black "Saptarshi, Roy"]
[WhiteElo "2249"]
[BlackElo "2385"]
[Result "1/2-1/2"]
[PlyCount "157"]
[EventDate "2011.09.12"]

1. d4 d5 2. e4 dxe4 3. Nc3 e5 4. Qh5 Nc6 5. Bb5 Bd7 6. Bxc6 Bxc6 7. Qxe5+ Qe7
8. Bf4 Qxe5 9. Bxe5 O-O-O 10. O-O-O Ne7 11. Nge2 f6 12. Bg3 g5 13. h4 Bg7 14.
hxg5 fxg5 15. Be5 Bxe5 16. dxe5 Rxd1+ 17. Kxd1 e3 18. fxe3 Bxg2 19. Rg1 Nf5 20.
Nd4 Nh4 21. Ke2 Re8 22. e6 h6 23. Rxg2 Nxg2 24. Nd5 Nh4 25. Nf6 Re7 26. Ng8 Rg7
27. Nxh6 Kd8 28. Nhf5 Nxf5 29. Nxf5 Rg6 30. e7+ Kd7 31. Kf3 g4+ 32. Kg3 b5 33.
b4 Ke8 34. e4 Kd7 35. c3 Re6 36. Kf4 g3 37. Nxg3 Kxe7 38. Nf5+ Kd7 39. Nd4 Ra6
40. e5 Rxa2 41. Nxb5 c5 42. bxc5 Kc6 43. Nd4+ Kxc5 44. e6 Kd6 45. Kf5 Rf2+ 46.
Ke4 a5 47. e7 Kxe7 48. Nc6+ Kd6 49. Nxa5 Kc5 50. Nb3+ Kc4 51. Nd4 Kxc3 52. Ke3
Rf8 53. Nb5+ Kc4 54. Na3+ Kb4 55. Nc2+ Kc3 56. Ne1 Re8+ 57. Kf2 Kd4 58. Nf3+
Ke4 59. Ne1 Ra8 60. Ng2 Ra2+ 61. Kg3 Rb2 62. Nh4 Rb3+ 63. Kf2 Rh3 64. Ng2 Rf3+
65. Ke2 Rf6 66. Ne1 Ra6 67. Kf2 Ra2+ 68. Kg3 Kf5 69. Ng2 Ra3+ 70. Kf2 Rh3 71.
Ke2 Ke4 72. Kf2 Kf5 73. Ke2 Ra3 74. Kf2 Ke4 75. Ne1 Ra2+ 76. Kg3 Rb2 77. Ng2
Re2 78. Nh4 Re1 79. Kf2 1/2-1/2

[Event "II Open A"]
[Site "Livigno ITA"]
[Date "2011.09.15"]
[Round "5"]
[White "Bove, Alessandro"]
[Black "Brunello, Marina"]
[WhiteElo "2368"]
[BlackElo "2215"]
[Result "1-0"]
[PlyCount "47"]
[EventDate "2011.09.12"]

1. d4 Nf6 2. c4 e6 3. Nc3 c5 4. d5 exd5 5. cxd5 d6 6. e4 g6 7. f3 Bg7 8. Bg5 a6
9. a4 Nbd7 10. Nh3 Qc7 11. Qd2 O-O 12. Be2 Re8 13. O-O Rb8 14. Nf2 b6 15. Rfc1
Ne5 16. b3 Qd8 17. Rab1 Bb7 18. Ncd1 Rf8 19. Nb2 Qe8 20. b4 Bc8 21. a5 Qe7 22.
axb6 Rxb6 23. bxc5 dxc5 24. f4 1-0

[Event "II Open A"]
[Site "Livigno ITA"]
[Date "2011.09.15"]
[Round "5"]
[White "Andersson, Thorbjorn"]
[Black "Bentivegna, Francesco"]
[WhiteElo "2055"]
[BlackElo "2322"]
[Result "0-1"]
[PlyCount "32"]
[EventDate "2011.09.12"]

1. e4 e5 2. Nf3 Nc6 3. Bb5 a6 4. Ba4 f5 5. Bxc6 dxc6 6. d4 fxe4 7. Nxe5 Nf6 8.
Bg5 Bf5 9. c3 Qd5 10. O-O O-O-O 11. Be3 Bd6 12. c4 Qe6 13. Nxc6 bxc6 14. Qa4
Bh3 15. Qxa6+ Kd7 16. d5 Qg4 0-1

[Event "II Open A"]
[Site "Livigno ITA"]
[Date "2011.09.15"]
[Round "5"]
[White "Zamengo, Fulvio"]
[Black "Bossi, Alessandro"]
[WhiteElo "2002"]
[BlackElo "2019"]
[Result "0-1"]
[PlyCount "76"]
[EventDate "2011.09.12"]

1. e4 e5 2. Nf3 Nc6 3. Bb5 a6 4. Ba4 d6 5. O-O Bg4 6. c3 b5 7. Bb3 Qf6 8. d3
Bxf3 9. Qxf3 Qxf3 10. gxf3 Nge7 11. Rd1 g6 12. Nd2 Bg7 13. Nf1 O-O 14. Ne3 Na5
15. Bc2 c5 16. Bb3 Nxb3 17. axb3 a5 18. c4 b4 19. Nd5 Nc6 20. Be3 Ra7 21. f4 f5
22. Ra4 Raf7 23. fxe5 Bxe5 24. Rd2 f4 25. Bxc5 dxc5 26. f3 g5 27. Rg2 Rg7 28.
h4 g4 29. Rxg4 Rxg4+ 30. fxg4 f3 31. Ra1 Bxb2 32. Rf1 Be5 33. Kf2 h6 34. Ke3
Bd4+ 35. Kd2 f2 36. Ke2 Rf7 37. Rh1 a4 38. bxa4 f1=Q+ 0-1

[Event "II Open A"]
[Site "Livigno ITA"]
[Date "2011.09.15"]
[Round "5"]
[White "Kock, Hans-Uwe"]
[Black "Veznik, Michael"]
[WhiteElo "2117"]
[BlackElo "1830"]
[Result "1-0"]
[PlyCount "81"]
[EventDate "2011.09.12"]

1. d4 g6 2. c4 Bg7 3. e4 c5 4. d5 d6 5. Bd3 Nh6 6. Nf3 Ng4 7. O-O O-O 8. h3 Ne5
9. Nxe5 Bxe5 10. Nd2 Nd7 11. f4 Bd4+ 12. Kh1 e6 13. Nf3 Bg7 14. Qc2 exd5 15.
cxd5 Nf6 16. Bd2 Bd7 17. a4 Re8 18. Rfe1 Rc8 19. Rad1 a6 20. a5 Bb5 21. Bc4 Nd7
22. b3 b6 23. axb6 Qxb6 24. Re2 Re7 25. Rde1 Rce8 26. Bc3 Bxc3 27. Qxc3 Bxc4
28. Qxc4 Qb5 29. Nd2 Nb6 30. Qc2 Nxd5 31. Nc4 Nxf4 32. Rf2 Qb4 33. Ref1 Nh5 34.
Rf3 Qb8 35. Qd3 Rxe4 36. Qd5 R4e6 37. g4 Ng7 38. Rxf7 Kh8 39. Rb7 Qd8 40. Rbf7
Qa8 41. Qxa8 1-0

[Event "II Open A"]
[Site "Livigno ITA"]
[Date "2011.09.15"]
[Round "6"]
[White "Michalik, Peter"]
[Black "Rombaldoni, Denis"]
[WhiteElo "2511"]
[BlackElo "2517"]
[Result "1/2-1/2"]
[PlyCount "117"]
[EventDate "2011.09.12"]

1. d4 d5 2. c4 c6 3. Nf3 Nf6 4. e3 g6 5. Nc3 Bg7 6. Be2 O-O 7. O-O dxc4 8. Bxc4
Nbd7 9. e4 Nb6 10. Bb3 Bg4 11. Be3 e5 12. dxe5 Nfd7 13. h3 Bxf3 14. Qxf3 Nxe5
15. Qg3 Qe7 16. f4 Nec4 17. Bxb6 axb6 18. Bxc4 Qc5+ 19. Kh1 Qxc4 20. e5 Rfd8
21. f5 Rd3 22. Qg5 Re8 23. Rf4 Qc5 24. e6 f6 25. Qg4 gxf5 26. Rxf5 Qd4 27. Rf4
Qe5 28. Re4 Qg5 29. Qe2 Rg3 30. Qf2 f5 31. Re2 Bxc3 32. bxc3 f4 33. Rg1 Qd5 34.
Rf1 Rxh3+ 35. Kg1 Qg5 36. Qxf4 Qxf4 37. Rxf4 Rh6 38. e7 b5 39. Kf2 Kg7 40. Rfe4
Kf7 41. Kf3 Rd6 42. Kg4 Rg8+ 43. Kh5 Ke8 44. a4 Rd5+ 45. Kh4 Rd1 46. g4 h5 47.
axb5 cxb5 48. Rb2 hxg4 49. Ra2 Kd7 50. Kg3 Rd3+ 51. Kg2 g3 52. Re1 Re8 53. Rb2
Kc6 54. Re6+ Rd6 55. Re5 Rd5 56. Rxd5 Kxd5 57. Rxb5+ Kc6 58. Re5 Kd6 59. Re3
1/2-1/2

[Event "II Open A"]
[Site "Livigno ITA"]
[Date "2011.09.15"]
[Round "6"]
[White "Olszewski, Michal"]
[Black "Bruno, Fabio"]
[WhiteElo "2534"]
[BlackElo "2431"]
[Result "1-0"]
[PlyCount "119"]
[EventDate "2011.09.12"]

1. d4 d5 2. c4 c6 3. Nf3 e6 4. Qc2 Nf6 5. Bg5 dxc4 6. Qxc4 b5 7. Qc2 Bb7 8.
Nbd2 Nbd7 9. e3 Be7 10. Bd3 O-O 11. O-O Rc8 12. Qb1 h6 13. Bh4 a6 14. b4 Nd5
15. Bxe7 Qxe7 16. a3 e5 17. Re1 a5 18. Bf5 exd4 19. exd4 Qd8 20. Ne5 Nxe5 21.
Bxc8 Bxc8 22. Rxe5 axb4 23. axb4 Qd6 24. Ne4 Qxb4 25. Qxb4 Nxb4 26. Ra8 Be6 27.
Rxf8+ Kxf8 28. Nc5 Ke7 29. f4 Kd6 30. Ne4+ Kd7 31. f5 Bc4 32. f6 gxf6 33. Nxf6+
Kd6 34. Ne4+ Kd7 35. Rh5 Nc2 36. Rxh6 b4 37. Nc5+ Kc7 38. Na4 Bb5 39. Nb2 Nxd4
40. Rf6 c5 41. Kf2 Nc6 42. Rxf7+ Kb6 43. Rf4 Ne5 44. Rf6+ Nc6 45. Rf4 Ne5 46.
Re4 Nd3+ 47. Nxd3 Bxd3 48. Re8 Bb5 49. Rb8+ Ka5 50. Ke3 c4 51. Ra8+ Kb6 52. Kd4
c3 53. Ra1 Be2 54. Re1 c2 55. Rc1 b3 56. Kc3 Bc4 57. h4 Kc5 58. h5 Kd6 59. Re1
Be6 60. Kb2 1-0

[Event "II Open A"]
[Site "Livigno ITA"]
[Date "2011.09.15"]
[Round "6"]
[White "Lazic, Miroljub"]
[Black "Solodovnichenko, Yuri"]
[WhiteElo "2463"]
[BlackElo "2622"]
[Result "0-1"]
[PlyCount "96"]
[EventDate "2011.09.12"]

1. Nf3 d6 2. d4 g6 3. e4 Nf6 4. Bd3 Bg7 5. O-O O-O 6. c3 c5 7. h3 Nfd7 8. Be3
Nc6 9. d5 Nce5 10. Nxe5 Nxe5 11. Be2 f5 12. f4 Nd7 13. exf5 gxf5 14. g4 Nf6 15.
g5 Ne4 16. Bf3 e6 17. Nd2 exd5 18. Nxe4 dxe4 19. Qd5+ Kh8 20. Bh5 Qb6 21. Rf2
Bd7 22. Rd1 Ba4 23. b3 Bc6 24. Qxd6 Rad8 25. Qxc5 Rxd1+ 26. Bxd1 Rd8 27. Be2
Qxc5 28. Bxc5 Bxc3 29. Be3 Bd4 30. Bxd4+ Rxd4 31. Bc4 Kg7 32. Re2 Kg6 33. Kf2
Bd5 34. Bb5 a6 35. Be8+ Bf7 36. Bxf7+ Kxf7 37. Rc2 Rd3 38. Rc7+ Kg6 39. Rxb7
Rf3+ 40. Kg2 Rxf4 41. Kg3 Rf3+ 42. Kh4 e3 43. Ra7 f4 44. Kg4 e2 45. Rxa6+ Kg7
46. Ra7+ Kf8 47. Ra8+ Ke7 48. Kxf3 e1=Q 0-1

[Event "II Open A"]
[Site "Livigno ITA"]
[Date "2011.09.15"]
[Round "6"]
[White "Svetushkin, Dmitry"]
[Black "Suvrajit, Saha"]
[WhiteElo "2594"]
[BlackElo "2384"]
[Result "1-0"]
[PlyCount "56"]
[EventDate "2011.09.12"]

1. d4 d5 2. c4 c6 3. Nc3 Nf6 4. e3 a6 5. Nf3 Bf5 6. Ne5 b5 7. cxd5 cxd5 8. g4
Be6 9. f4 Ne4 10. f5 Nxc3 11. fxe6 f6 12. bxc3 fxe5 13. dxe5 Nc6 14. Bg2 Nxe5
15. Bxd5 Rb8 16. Qd4 Qc7 17. O-O Rc8 18. a4 h5 19. g5 g6 20. axb5 Bg7 21. Bc6+
Nxc6 22. Qxg7 Qe5 23. Qxg6+ Kd8 24. bxc6 Rxc6 25. Qf5 Rxe6 26. Qxe5 Rxe5 27. h4
Re4 28. Rf4 Ke8 1-0

[Event "II Open A"]
[Site "Livigno ITA"]
[Date "2011.09.15"]
[Round "6"]
[White "Sveshnikov, Evgeny E."]
[Black "Brunello, Sabino"]
[WhiteElo "2504"]
[BlackElo "2569"]
[Result "0-1"]
[PlyCount "128"]
[EventDate "2011.09.12"]

1. e4 c6 2. d4 d5 3. exd5 cxd5 4. Nf3 Bg4 5. c4 Nf6 6. Nc3 Nc6 7. cxd5 Nxd5 8.
Qb3 Bxf3 9. gxf3 e6 10. Qxb7 Nxd4 11. Bb5+ Nxb5 12. Qc6+ Ke7 13. Qxb5 Qd7 14.
Nxd5+ exd5 15. Qb3 Kf6 16. Be3 d4 17. Rd1 Bc5 18. O-O Rad8 19. Bf4 Rhe8 20.
Rfe1 g5 21. Rxe8 Rxe8 22. Bg3 Qf5 23. Kg2 h5 24. Qb5 Re6 25. h3 Bb6 26. Qc4 g4
27. hxg4 hxg4 28. Rd3 Kg7 29. a4 Rh6 30. fxg4 Qxg4 31. Qd5 Rh5 32. Qf3 Qh3+ 33.
Kg1 Rg5 34. Qf4 Qf5 35. Qxf5 Rxf5 36. Kg2 Ra5 37. b3 Kf6 38. Kf3 Kf5 39. Ke2
Ke6 40. Rf3 Rc5 41. Kd1 a6 42. Bh4 f5 43. Rg3 Kd5 44. Rg6 Bc7 45. Rxa6 Ke4 46.
Bg5 f4 47. Ra7 Kd3 48. Bf6 Rh5 49. Kc1 Ba5 50. Bxd4 Kxd4 51. Kc2 Ke4 52. Rb7
Rc5+ 53. Kb1 Bd2 54. Ka2 Rc2+ 55. Kb1 Rc1+ 56. Kb2 Rf1 57. b4 Rxf2 58. Kb3 Rf1
59. b5 f3 60. b6 f2 61. Re7+ Kd3 62. Rd7+ Ke2 63. b7 Rb1+ 64. Kc2 f1=Q 0-1

[Event "II Open A"]
[Site "Livigno ITA"]
[Date "2011.09.15"]
[Round "6"]
[White "Narayanan, Srinath"]
[Black "Godena, Michele"]
[WhiteElo "2336"]
[BlackElo "2527"]
[Result "1-0"]
[PlyCount "53"]
[EventDate "2011.09.12"]

1. e4 e5 2. Nf3 Nc6 3. Bb5 a6 4. Ba4 Nge7 5. O-O g6 6. c3 Bg7 7. d4 b5 8. Bb3
exd4 9. cxd4 O-O 10. Nc3 Na5 11. Bc2 d6 12. h3 Bb7 13. Re1 Qd7 14. Bg5 h6 15.
Bh4 Nc4 16. Rb1 Rae8 17. Qd3 f5 18. Bxe7 Rxe7 19. exf5 Rxe1+ 20. Rxe1 Qxf5 21.
Ne4 Kh8 22. Nh4 Bxe4 23. Rxe4 Qxf2+ 24. Kh2 Qf6 25. Rg4 Ne5 26. dxe5 Qxe5+ 27.
Rg3 1-0

[Event "II Open A"]
[Site "Livigno ITA"]
[Date "2011.09.15"]
[Round "6"]
[White "Kilpatrick, Callum"]
[Black "Janev, Evgeni"]
[WhiteElo "2256"]
[BlackElo "2511"]
[Result "1-0"]
[PlyCount "169"]
[EventDate "2011.09.12"]

1. e4 Nf6 2. e5 Nd5 3. d4 d6 4. Nf3 g6 5. Bc4 Nb6 6. Bb3 Bg7 7. a4 a5 8. O-O
O-O 9. Re1 Nc6 10. exd6 cxd6 11. h3 Bf5 12. Nc3 Rc8 13. Ne4 Nb4 14. c3 N4d5 15.
Qe2 h6 16. Ng3 Bd7 17. Bd2 Qc7 18. Qe4 e6 19. h4 Nc4 20. Bc1 f5 21. Qd3 Rfe8
22. Nd2 Ncb6 23. Nf3 Bc6 24. Bd2 Kh8 25. h5 g5 26. c4 Nf4 27. Bxf4 gxf4 28. Ne2
Be4 29. Qc3 e5 30. Nh4 Nxc4 31. Rac1 Bd5 32. Bxc4 Qxc4 33. Qh3 Qxe2 34. Rxe2
Rxc1+ 35. Kh2 Bc4 36. Rd2 exd4 37. Qxf5 Kg8 38. Ng6 d3 39. Qxf4 Ree1 40. b3 Bf7
41. Qxd6 Rh1+ 42. Kg3 Rxh5 43. Ne7+ Kh8 44. Qd8+ Kh7 45. Qxd3+ Kh8 46. Qd8+ Kh7
47. f4 Bf6 48. Qd7 Rc3+ 49. Rd3 Rd5 50. Qxd5 Bxd5 51. Rxc3 Be4 52. Rc7 Kh8 53.
Nc8 Bd5 54. Nd6 Bxb3 55. Nxb7 Bxa4 56. Nxa5 h5 57. Nc6 Bd1 58. Ne5 Kg8 59. Nf3
Bb3 60. Rc5 Bf7 61. Ne5 Bb3 62. Nd7 h4+ 63. Kh2 Be7 64. Rc3 Bd5 65. Ne5 Kg7 66.
Rc7 Kf6 67. Ng4+ Ke6 68. Ne3 Be4 69. Rc4 Bd3 70. Rd4 Bh7 71. Ra4 Bd3 72. Kh3
Bd6 73. Kxh4 Bb5 74. Re4+ Kf7 75. Nf5 Bf8 76. g4 Bd7 77. Kg5 Ba3 78. Re1 Bb4
79. Rh1 Kg8 80. Rd1 Bc6 81. Rc1 Bd7 82. Rc7 Be6 83. Kf6 Ba2 84. Ne7+ Kh7 85.
Nd5+ 1-0

[Event "II Open A"]
[Site "Livigno ITA"]
[Date "2011.09.15"]
[Round "6"]
[White "Molina, Fabrizio"]
[Black "Petkov, Vladimir"]
[WhiteElo "2258"]
[BlackElo "2511"]
[Result "0-1"]
[PlyCount "112"]
[EventDate "2011.09.12"]

1. Nf3 Nf6 2. c4 e6 3. g3 d5 4. Bg2 dxc4 5. Qa4+ c6 6. Qxc4 b5 7. Qb3 Bb7 8.
O-O Nbd7 9. d4 a6 10. a4 c5 11. axb5 Bd5 12. Qc2 Be4 13. Qb3 c4 14. Qxc4 axb5
15. Rxa8 Qxa8 16. Qxb5 Bxb1 17. Bg5 Be4 18. Rc1 Qb7 19. Qxb7 Bxb7 20. Rc7 Bd5
21. Rc8+ Ke7 22. Ne5 h6 23. Bd2 Nxe5 24. Bb4+ Kd7 25. Rxf8 Rxf8 26. Bxf8 Ng6
27. Bxg7 Ng8 28. e4 Bb7 29. h4 Ke8 30. d5 exd5 31. exd5 f6 32. h5 N6e7 33. d6
Bxg2 34. Kxg2 Nf5 35. d7+ Kxd7 36. Bf8 Nfe7 37. g4 Ke6 38. f4 Kf7 39. Bxh6 Nxh6
40. g5 f5 41. gxh6 Kg8 42. b4 Nd5 43. Kf2 Kh7 44. b5 Kxh6 45. Kf3 Kxh5 46. Kg3
Kg6 47. Kf3 Kf6 48. Kg3 Ke6 49. Kh4 Kd6 50. Kg5 Ne3 51. Kf6 Kc5 52. Ke5 Kxb5
53. Kd4 Nf1 54. Ke5 Ng3 55. Kd5 Kb4 56. Kd4 Kb3 0-1

[Event "II Open A"]
[Site "Livigno ITA"]
[Date "2011.09.15"]
[Round "6"]
[White "Maiorov, Nikita"]
[Black "Braga, Fernando Alberto"]
[WhiteElo "2558"]
[BlackElo "2438"]
[Result "1-0"]
[PlyCount "87"]
[EventDate "2011.09.12"]

1. d4 Nf6 2. c4 c5 3. d5 b5 4. cxb5 a6 5. bxa6 g6 6. Nc3 Bxa6 7. g3 d6 8. Bg2
Bg7 9. Nf3 Nbd7 10. Rb1 Nb6 11. b3 Bb7 12. Nh4 O-O 13. O-O Ne8 14. Qd2 Nc7 15.
e4 Qd7 16. Bb2 c4 17. Qe3 Ra6 18. Rfd1 cxb3 19. axb3 Nc8 20. Nf3 Ra8 21. Na4
Bxb2 22. Rxb2 f5 23. Ng5 fxe4 24. Bh3 Qb5 25. Qc3 Qa5 26. Rc2 Qxc3 27. Rxc3 Nb5
28. Re3 h6 29. Nxe4 Ra5 30. Nec3 Nxc3 31. Rxc3 Kg7 32. Be6 Rb5 33. Rd4 h5 34.
b4 Nb6 35. Nxb6 Rxb6 36. Rc7 Re8 37. h4 Kh6 38. Rf4 g5 39. hxg5+ Kxg5 40. Bf7
Rc8 41. Rxe7 Rc1+ 42. Kh2 Rd1 43. Be6 Rb5 44. Rff7 1-0